Music and Morals-A Theological Appraisal of the Moral and Psychological Effects of Music (Record n. 74432)
[ formato base ]
| 000 -LEADER | |
|---|---|
| fixed length control field | 01365nam a2200301Ia 4500 |
| 001 - CONTROL NUMBER | |
| control field | B6653 |
| 003 - CONTROL NUMBER IDENTIFIER | |
| control field | IT-RoPAU |
| 008 - FIXED-LENGTH DATA ELEMENTS--GENERAL INFORMATION | |
| fixed length control field | 130308s9999 xx 000 0 und d |
| 040 ## - CATALOGING SOURCE | |
| Original cataloging agency | IT-RoPAU |
| 040 ## - CATALOGING SOURCE | |
| Transcribing agency | IT-RoPAU |
| 041 ## - LANGUAGE CODE | |
| Language code of text/sound track or separate title | INGLESE |
| 999 ## - SYSTEM CONTROL NUMBERS (KOHA) | |
| Koha Dewey Subclass [OBSOLETE] | SI |
| 100 ## - MAIN ENTRY--PERSONAL NAME | |
| Personal name | Cole Basil |
| 100 ## - MAIN ENTRY--PERSONAL NAME | |
| Miscellaneous information | Codice Aut. SPICS: 39419 |
| 245 ## - TITLE STATEMENT | |
| Title | Music and Morals-A Theological Appraisal of the Moral and Psychological Effects of Music |
| 245 ## - TITLE STATEMENT | |
| Remainder of title | Music And Morals-A Theological Appraisal Of The Moral And Psychological Effects Of Music |
| 250 ## - EDITION STATEMENT | |
| Edition statement | 1a ed. |
| 260 ## - PUBLICATION, DISTRIBUTION, ETC. (IMPRINT) | |
| Place of publication, distribution, etc. | NEW YORK |
| 260 ## - PUBLICATION, DISTRIBUTION, ETC. (IMPRINT) | |
| Name of publisher, distributor, etc. | Alba House |
| 260 ## - PUBLICATION, DISTRIBUTION, ETC. (IMPRINT) | |
| Date of publication, distribution, etc. | 1993 [1° Ed.:1993 - Ed.Ling.Originale:1993] |
| 300 ## - PHYSICAL DESCRIPTION | |
| Extent | "172 p. (prefazione: 14; testo: 158 [pagine: 0-0])" |
| 500 ## - GENERAL NOTE | |
| General note | Musica e Morale. Valutazione Teologica della Morale ed Effetti Psicologicidella Musica. Orizzonti della Musica Contemporanea. Antiche Testimonianze:Musica nella sacra Scrittura, Antiche teorie Filosofiche. Nuova Musica Frai padri fino a tommaso D'Aquino che ne Sviluppa la Tradizione. moderna Evoluzione delle forme Musicali: Musica Sacra, filosofi e Musica Profana. interesse del Xx Secolo per la Musica. Altre Funzioni della Musica. Cammino Deimusicisti e della Musica. Bibliografia Selezionata. |
| 650 ## - SUBJECT ADDED ENTRY--TOPICAL TERM | |
| Topical term or geographic name as entry element | SAGGI MUSICALI |
| 650 ## - SUBJECT ADDED ENTRY--TOPICAL TERM | |
| Relator term | Codice materia Spics: 7011 |
| 942 ## - ADDED ENTRY ELEMENTS (KOHA) | |
| Koha item type | LIBRO |
| 957 ## - | |
| -- | 1 |
| 999 ## - SYSTEM CONTROL NUMBERS (KOHA) | |
| -- | 2 |
| Withdrawn status | Lost status | Damaged status | Not for loan | Home library | Current library | Date acquired | Total Checkouts | Full call number | Date last seen | Price effective from | Koha item type | Public note |
|---|---|---|---|---|---|---|---|---|---|---|---|---|
| Buone Condizioni | Not For Loan | SPICS-MEDIATECA | SPICS-MEDIATECA | 08/03/2013 | B6653 | 08/03/2013 | 08/03/2013 | LIBRO | Progressivo inserimento: 50701 / N. Volumi: 1 Copie: 2 Copia Rara: SI / data import: 1 marzo 2013 - By Epidotti, Trombetti, Vaglietti. |